Presidenti del Consiglio dei ministri del Regno d'Italia - Statistics

Statistiche generali
  • Questo quiz è stato fatto 133 volte
  • Il punteggio medio è 17 su 30
Statistiche sulle risposte
con Immagini Risposta % Corretto
Camillo Benso, conte di Cavour
100%
Benito Mussolini
91%
Giovanni Giolitti
90%
Alcide De Gasperi
89%
Pietro Badoglio
89%
Francesco Crispi
87%
Agostino Depretis
79%
Ivanoe Bonomi
68%
Luigi Facta
66%
Sidney Sonnino
65%
Vittorio Emanuele Orlando
64%
Luigi Pelloux
58%
Alfonso La Marmora
56%
Antonio Starabba di Rudini
56%
Bettino Ricasoli
56%
Antonio Salandra
55%
Francesco Saverio Nitti
53%
Giuseppe Zanardelli
53%
Ferruccio Parri
47%
Urbano Rattazzi
47%
Marco Minghetti
42%
Luigi Federico Menabrea
36%
Giovanni Lanza
35%
Benedetto Cairoli
34%
Luigi Carlo Farini
31%
Alessandro Forti
30%
Paolo Boselli
29%
Tommaso Tittoni
27%
Luigi Luzzatti
22%
Giuseppe Saracco
8%
Nessun quiz corrispondente trovato
Distribuzione punteggi
Percentuale di utenti per punteggio
Percentile per numero di risposta
I tuoi punteggi nel tempo
Non hai fatto questo quiz